[Event "IECC M email"]
[Site "IECC email"]
[Date "2000.09.19"]
[Round "?"]
[White "Mitchell, TT."]
[Black "Van de Groep, Kevin"]
[Result "1-0"]
[WhiteElo "894"]
[BlackElo "1011"]
[PlyCount "75"]
[EventDate "2000.??.??"]
[EventType "tourn (corr)"]
[EventRounds "2"]
[SourceTitle "Corr 2008"]
[Source "ChessBase"]
[SourceDate "2008.06.24"]
[SourceVersion "1"]
[SourceVersionDate "2008.06.24"]
[SourceQuality "1"]

1. e4 g6 2. d4 Bg7 3. Bc4 d6 4. c3 Nf6 5. f3 0-0 6. Ne2 c6 7. 0-0 Nbd7 8. Be3 e5 9. b4 d5 10. exd5 cxd5 11. Bd3 e4 12. fxe4 dxe4 13. Bb5 Ng4 14. Qc1 Qh4 15. h3 Nxe3 16. Qxe3 Bh6 17. Qf2 Qxf2+ 18. Kxf2 a6 19. Bc4 Nf6 20. Ke1 Bg5 21. Na3 b5 22. Bb3 Bb7 23. g3 e3 24. h4 Bh6 25. Rxf6 Bg7 26. Rb6 Be4 27. Bc2 Bf3 28. Ng1 Bg4 29. Be4 Rac8 30. Rc1 Rfe8 31. Bf3 Be6 32. Rxa6 Bxd4 33. Nxb5 Be5 34. Ra3 Bxg3+ 35. Kf1 Bxh4 36. Nd6 Rxc3 37. Raxc3 Ra8 38. Bxa8 1-0